| 000 | 02057cam a22005054i 4500 | ||
|---|---|---|---|
| 003 | PE-LiUPU | ||
| 005 | 20250731173541.0 | ||
| 008 | 150710s r 000 0 d | ||
| 020 | _a085364523X | ||
| 035 | _a(Sirsi) i9780853645238 | ||
| 040 |
_aPE-LiUPU _bspa _cPE-LiUPU _erda |
||
| 049 | _aPRUA | ||
| 082 | 0 | 4 |
_a264 _bW91 _221 |
| 245 | 0 | 0 | _aWorship: Adoration and Action. |
| 264 | 1 |
_aGrand Rapids, Michigan : _bBaker Book House, _c1993. |
|
| 300 |
_a256 páginas ; _c22 centímetros |
||
| 336 |
_atext _2rdacontent |
||
| 337 |
_aunmediated _2rdamedia |
||
| 338 |
_avolume _2rdacarrier |
||
| 504 | _aBibliografía: p. 212-252. | ||
| 505 | 0 | _aToward a biblical theology of worship -- Reflections on worship in the heritage of the majesterial reformation.. | |
| 526 | _aSEG42 | ||
| 526 | _aSEG41 | ||
| 526 | _aSEG40 | ||
| 526 | _aSEG39 | ||
| 526 | _aP94 | ||
| 526 | _aP87 | ||
| 526 | _aP86 | ||
| 526 | _aP85 | ||
| 526 | _aP77 | ||
| 526 | _aP76 | ||
| 526 | _aP35 | ||
| 650 | 0 | 4 | _aCULTO Y ADORACION PUBLICOS. |
| 700 | 1 |
_aCarson, D. A., _eeditor. |
|
| 942 |
_2ddc _cBOOK |
||
| 949 |
_a264 W91 _wDEWEY _c1 _i42594 _lCCODEBUL1 _mBUL _r0 _sY _tBOOK _u2015-7-10 _xTEOLOGIA _PP35 _0COMPRA _o.STAFF. Colección General |
||
| 949 |
_a264 W91 _wDEWEY _c2 _i43727 _lCCODEBUL1 _mBUL _r0 _sY _tBOOK _u2015-6-24 _xTEOLOGIA _PP35 _0COMPRA _o.STAFF. Colección General |
||
| 949 |
_a264 W91 _wDEWEY _c3 _i41799 _lCCODEBUL1 _mBUL _p12.75 _r0 _sY _tBOOK _u2016-8-23 _xTEOLOGIA _PP35 _0COMPRA _o.STAFF. Colección General |
||
| 994 |
_aC0 _bPEPRU |
||
| 596 | _a1 | ||
| 999 |
_a264 W91 _wDEWEY _c60431 _i42594 _f2021-11-10 _g5 _lCCODEBUL1 _mBUL _r0 _sY _tBOOK _u2015-7-10 _xTEOLOGIA _PP35 _0COMPRA _o.STAFF. Colección General _d60431 |
||
| 999 |
_a264 W91 _wDEWEY _c2 _i43727 _f2021-11-10 _g5 _lCCODEBUL1 _mBUL _r0 _sY _tBOOK _u2015-6-24 _xTEOLOGIA _PP35 _0COMPRA _o.STAFF. Colección General |
||
| 999 |
_a264 W91 _wDEWEY _c3 _i41799 _f2021-11-10 _g5 _lCCODEBUL1 _mBUL _p12.75 _r0 _sY _tBOOK _u2016-8-23 _xTEOLOGIA _PP35 _0COMPRA _o.STAFF. Colección General |
||
| 980 |
_81 _gALBERTO SANCHEZ Responsable de Automatización |
||